|
|
|
|
| LEADER |
00853nam a2200229 a 4500 |
| 001 |
GR-MES132 |
| 008 |
991111s hu 000 b eng d |
| 020 |
|
|
|a 9630539780
|
| 040 |
|
|
|a GrPaTEI
|b gre
|c GR-PaULI
|
| 245 |
0 |
0 |
|a Special methods in pond fish husbandry.
|
| 260 |
|
|
|a Budapest :
|b Akadémiai Kiadó,
|c c1984
|
| 300 |
|
|
|a xiii,147σελ. :
|b πιν.,σχημ.
|
| 650 |
|
4 |
|a Καλλιέργεια ψαριών-Λίμνες
|
| 700 |
1 |
|
|a Halver, John E.
|
| 700 |
1 |
|
|a Horvath, Laszlo
|
| 700 |
1 |
|
|a Tamas, Gizella
|
| 700 |
1 |
|
|a Tolg, Istvan
|
| 710 |
0 |
|
|a Akademiai Kiado
|
| 942 |
|
|
|2 ddc
|
| 952 |
|
|
|0 0
|1 0
|2 ddc
|4 0
|6 639_311000000000000_HOR
|7 0
|9 263407
|a MSLG
|b MSLG
|c BSC
|d 2021-01-17
|e 24
|f 0
|g 0.00
|l 0
|o 639.311 HOR
|p 2420000003857
|r 2021-01-17 00:00:00
|t 1
|w 2021-01-17
|y BK15
|x 19991111 0 1
|x GrPaTEI
|
| 971 |
|
|
|a .b25711738
|b 15-04-20
|c 13-09-16
|
| 999 |
|
|
|c 151619
|d 151619
|